Представление документа в формате RUSMARC

ПолеНазваниеЗначение
  Тип записи a
  Библиографический уровень c
001 Контрольный номер RU/IS/BASE/542390650
005 Дата корректировки 20201206205040.6
010 Индекс ISBN __
a ISBN 978-5-17-084791-4 (в пер.)
d Цена 556-10
100 Данные общей обработки __
a Данные общей обработки 19170309d2015||||||| 0rusy0189 ca
101 Язык документа 1_
a Язык текста rus
c Язык оригинала eng
102 Страна публикации __
a Страна публикации ru
105 Кодированные данные (монография) __
a Кодированные данные (монография) ||||||||000zy
200 Заглавие и сведения об ответственности 1_
a Заглавие Медовый месяц в улье
e Сведения, относящиеся к заглавию [16+]
f Первые сведения об ответственности Дороти Л. Сэйерс ; перевод с английского Ольга Попова, Анна Савиных ; [вступительная статья Александры Борисенко]
b Общее обозначение материала Текст
210 Выходные данные __
a Место издания Москва
c Издательство АСТ
d Дата издания 2015
215 Физическое описание __
a Объем 606 с.
d Формат 21 см
225 Серия __
a Серия Не только Скотленд-Ярд: частный сыск и частная жизнь
327 Примечание о содержании __
a Примечание о содержании Толбойз
330 Аннотация __
a Аннотация Романы Дороти Л. Сэйерс о знаменитом сыщике Питере Уимзи и писательнице Гарриет Вэйн составляют единую историю - историю любви двух ярких и необычных людей, которые пытаются совместить почти несовместимое: страсть, дружбу, интеллектуальное равенство и традиционные семейные ценности. При этом их буквально преследуют загадочные преступления, что оказывается весьма кстати, учитывая профессиональные занятия героев. Их жизнь сплетается из вереницы детективных сюжетов, образуя при этом свой собственный причудливый сюжет. "В "Медовом месяце в улье" есть все: детективный сюжет, юмор, любовь, драма, - и все это подано в безупречном стиле Сэйерс.
333 Примечание о целевом назначении __
a Примечание о целевом назначении 16+. Для детей старше 16 лет
517 Другие варианты заглавия __
a Другие варианты заглавия Толбойз
600 Персоналии __
a Персоналии (Фамилия) Сэйерс, Д. Л.
c Дополнение к имени писательница английская
f Даты 1893-1957
g Полное имя Дороти Л.
606 Тематические рубрики __
a Основная рубрика Художественная литература
606 Тематические рубрики __
a Основная рубрика Литература Европы (произведения)
610 Ключевые слова __
a Ключевые слова английская литература
a Ключевые слова английские писательницы
a Ключевые слова детективные романы
a Ключевые слова детективы
a Ключевые слова зарубежная литература
a Ключевые слова иностранная литература
a Ключевые слова персоналии
a Ключевые слова писатели
a Ключевые слова романы
a Ключевые слова тема любви
a Ключевые слова тема преступлений
a Ключевые слова тема расследований
a Ключевые слова тема семьи
a Ключевые слова тема убийств
686 Индексы других классификаций __
a Классификационный индекс 84(4Вел)6-445
700 Автор _1
a Фамилия Сэйерс
b Имя Д. Л.
f Даты 1893-1957
g Полное личное имя Дороти Л.
4 Код отношения 070
702 Вторичная интеллектуальная ответственность _1
a Фамилия Попов
b Имя О.
4 Код отношения Переводчик
g Полное личное имя Олег
4 Код отношения 730
702 Вторичная интеллектуальная ответственность _1
a Фамилия Савиных
b Имя А.
4 Код отношения Переводчик
g Полное личное имя Анна
4 Код отношения 730
702 Вторичная интеллектуальная ответственность _1
a Фамилия Борисенко
b Имя А.
4 Код отношения Автор предисловия и т.д.
4 Код отношения 080
801 Источник записи _0
a Страна ru
b Организация Муниципальное бюджетное учреждение культуры "Централизованная библиотечная система" г. Сургут (Центральная городская библиотека им. А. С. Пушкина)
c Дата составления 20170309
g Правила каталогизации ООФиК/Волкова
801 Источник записи _1
a Страна ru
b Организация Муниципальное бюджетное учреждение культуры "Централизованная библиотечная система" г. Сургут (Центральная городская библиотека им. А. С. Пушкина)
c Дата составления 20170309
g Правила каталогизации ООФиК/Волкова
852 Данные о местонахождении __
j Шифр хранения 84(4Вел)6-445
i Авторский знак С 97
901 Тип документа __
t Тип документа x
903 Характеристики (МАРС) __
a Дата передачи 20170309
969 Тип издания __
a Тип издания сборник
990 Данные о заказе (DOS) __
j Количество экземпляров (DOS) 6
t N записи в КСУ для И/У (DOS) 201703